000
00345nam a2200133 a 4500
005
20140412111257.0
008
100122s19uu xx 00 eng d
020
_a
983-3665-15-2
050
_a
BB 550
_b
W89 2008
245
_a
My big book of Incredible Atlas.
260
_a
Malaysia :
_b
Kohwai & Young,
_c
2008.
300
_a
17p.
999
_c
103250
_d
103250